Pass the JetPunk Citizenship Test - Statistics

General Stats
  • This quiz has been taken 108 times
    87 since last reset
  • The average score is 7 of 15
Answer Stats
Question Answer % Correct
Which of the following is a country? Kosovo
92%
Which of the following is a country? Taiwan
92%
Which of these is a fictitious, mythical place? Garden of Eden
71%
Speaking of Cyprus, which continent does it belong to? Asia
67%
How many vowels does the name Cyprus contain? 2
58%
Which of the following subjects has their own JetPunk badge? Video Games
58%
Which country is Crimea a part of? Russia
54%
How many different languages are featured and eligible for points on JetPunk? 9
42%
Which of these words appears most commonly in the titles of JetPunk quizzes? Country/Countries
38%
When did JetPunk surpass one billion quiz takes? 2024
29%
Which of these words, all playable in Scrabble from the letters J E T P U N K, would give you the highest unmodified score? Junk
25%
Which of the following terrible spellings for a world city is NOT typically accepted by JetPunk? Filledelffea
21%
Which of the below countries has the highest portion of JetPunk users, as a % of total users of the site? France
17%
When did Myanmar change its name from Burma? 2016
13%
Which American President is currently the person who appears as an answer on the greatest number of JetPunk featured quizzes? John F. Kennedy
13%
No matching quizzes found
Score Distribution
Percent of People with Each Score
Percentile by Number Answered
Your Score History
You have not taken this quiz since the last reset